000 00621nam a2200253Ia 4500
005 20250425161921.0
008 250425s9999 xx 000 0 und d
041 _aspa
043 _aec
082 _a658.83
100 _aVILLEGAS ORREGO, FABIO
245 0 _aEL PAPEL DE LA INVESTIGACION DE MERCADOS
250 _aS.E.
260 _aEcuador
_bS.E.
_c1950
260 _aS.L.
300 _a675
500 _aLibro fotocopia
650 _aANALISIS CUALITATIVO
650 _aANALISIS DE DATOS
650 _aESTADISTICA DESCRIPTIVA
650 _aINVESTIGACION DE MERCADOS
942 _c01
010 _a34857
999 _c218804
_d218804